000 00476nam a2200181Ia 4500
001 3349
005 20260306145637.0
008 260306t2004||||xx |||||||||||||| ||spa||
041 _aESP
082 _a270
_bLL 758 2009 T. 4
100 _aLlorca, Bernardino
_eAUT
245 0 _aHistoria de la iglesia católica:
_bedad moderna: la época del absolutismo monárquico
260 _c2004
300 _a
_c20 cm.
650 _aGEN
654 _aCHU
942 _cLIB
_dJUS
_fJUS
_2ddc
_n
999 _c3349
_d3349